Resumes that knock 'em dead
| Main Author: | |
|---|---|
| Format: | Book |
| Language: | English |
| Published: |
Massachusetts :
Adams Media Corporation ,
1997
|
| Edition: | 4th ed. revised and expanded |
| Subjects: |
MARC
| LEADER | 00000cam a2200000 7i4500 | ||
|---|---|---|---|
| 001 | 0000007732 | ||
| 005 | 20170111.0 | ||
| 008 | 161222 -us eng | ||
| 020 | |a 1558508171 | ||
| 040 | |a INS | ||
| 090 | 0 | 0 | |a HF5383 |b Y38 1997 |
| 100 | 1 | |a Yate, Martin J | |
| 245 | 1 | 0 | |a Resumes that knock 'em dead |c Martin Yate |
| 250 | |a 4th ed. revised and expanded | ||
| 260 | |a Massachusetts : |b Adams Media Corporation , |c 1997 | ||
| 300 | |a vii, 293p, ; |c 23 m. | ||
| 500 | |a Includes index | ||
| 650 | 0 | |a Resume (Employment) | |
| 999 | |a 0000023227 |b BOOK |c Open Shelf |e Default branch | ||